Doložka najvyšších výhod v medzinárodnom obchode
Stručná história doložky najvyšších výhod. Všeobecná doložka výhod podľa GATT/WTO
Saved in:
| Main Author: | |
|---|---|
| Other Authors: | |
| Format: | Book Chapter |
| Language: | Slovak |
| Subjects: | |
| Tags: |
No Tags, Be the first to tag this record!
|
MARC
| LEADER | 00000naa$a2200000$$$4500 | ||
|---|---|---|---|
| 001 | 0063188 | ||
| 005 | 20240502071725.9 | ||
| 041 | 0 | |a slo | |
| 044 | |a SK | ||
| 245 | 1 | 0 | |a Doložka najvyšších výhod v medzinárodnom obchode |c Stanislav Mráz, Roman Jurík |
| 520 | |a Stručná história doložky najvyšších výhod. Všeobecná doložka výhod podľa GATT/WTO | ||
| 610 | 2 | 0 | |a história |
| 610 | 2 | 0 | |a obchod medzinárodný |
| 610 | 2 | 0 | |a politika medzinárodná |
| 610 | 2 | 0 | |a doložka výhod najvyšších |
| 610 | 2 | 0 | |a liberalizácia |
| 610 | 2 | 0 | |a clá |
| 100 | 1 | |a Mráz, Stanislav | |
| 700 | 1 | |a Jurík, Roman | |